00220nam a2200097Ia 4500008004100000245001400041260000900055300001800064440002400082650001600106180117s9999 xx 000 0 und d aAgri-Talk c2017 a, 2017 May 21 aPhilippine Panorama aAGRICULTURE